| 000 | 00858 a2200289 4500 | ||
|---|---|---|---|
| 001 | 63918 | ||
| 003 | TR-AnTOB | ||
| 005 | 20260310112641.0 | ||
| 008 | 110207t19851969nyu b 000 0 d | ||
| 020 | _a0140432442 | ||
| 035 | _a(OCoLC)13556042 | ||
| 040 |
_aVTU _cVTU _dCAV _dCUZ |
||
| 041 | _aeng | ||
| 050 | 0 |
_aB1485 _b.S4 1969 |
|
| 090 | _aB1485 .S4 1969 | ||
| 100 |
_aHume, David, _d1711-1776 _954136 |
||
| 245 | 2 |
_aA treatise of human nature / _cDavid Hume ; edited with an introduction by Ernest C. Mossner. |
|
| 264 | 1 |
_aHarmondsworth, Middlesex, England ; _aNew York : _bPenguin Books, _cc1969. |
|
| 300 |
_a677 p. ; _c20 cm |
||
| 490 | 0 | _aPenguin classics | |
| 504 | _aBibliography: p. 29-[30] | ||
| 650 | 0 |
_aKnowledge, Theory of _9152853 |
|
| 700 |
_aMossner, Ernest Campbell, _d1907- _936911 |
||
| 901 | _a0020531 | ||
| 942 |
_cBK _2lcc |
||
| 999 |
_c63918 _d11317 |
||